00370pab a2200121 454500008004000000100002100040245006900061260000900130300001400139650003800153650001800191773003900209180718b2003 xxu||||| |||| 00| 0 eng d aKothari, Sadhana aFemale occupational structure in Rajasthan - a regional analysis c2003 ap.99-107. aWomen workers - India - Rajasthan aWomen workers aIndian Journal of Regional Science